சிறுவா்களுக்கான மும்மொழி அாிச்சுவடி /
Saved in:
| Format: | Book |
|---|---|
| Language: | English Tamil |
| Published: |
கொழும்பு :
அஷ்டலக்மி பதிப்பகம் ;
|
| Subjects: | |
| Tags: |
Add Tag
No Tags, Be the first to tag this record!
|
MARC
| LEADER | 00000nam a22000007a 4500 | ||
|---|---|---|---|
| 005 | 20260411132324.0 | ||
| 008 | 260411b |||||||| |||| 00| 0 eng d | ||
| 020 | |a 978955738100305 | ||
| 041 | |a tam | ||
| 082 | |a 411 |b மும்மொ | ||
| 245 | |a சிறுவா்களுக்கான மும்மொழி அாிச்சுவடி / | ||
| 260 | |a கொழும்பு : |b அஷ்டலக்மி பதிப்பகம் ; | ||
| 300 | |a 32 பக். |c 28.4 Cm. | ||
| 650 | |a வரிவடிவங்கள் மற்றும் எழுத்து முறைகள் (Writing systems and alphabets) |9 117296 | ||
| 942 | |c BK | ||
| 999 | |c 71321 |d 71321 | ||